Statistics for Dreadnought Battleships of the French Navy

Click here to take the quiz!

General Stats

  • This quiz has been taken 77 times
  • The average score is 8 of 11

Answer Stats

Ship ClassName% Correct
Dunkerque ClassDunkerque
91%
Richelieu ClassRichelieu
91%
Jean Bart
89%
Jean Bart
89%
Bretagne ClassBretagne
87%
Courbet ClassCourbet
87%
Strasbourg
78%
Paris
67%
Lorraine
60%
Provence
56%
France
51%

Score Distribution

Percentile by Number Answered

Percent of People with Each Score

Your Score History

You have not taken this quiz